000 00655nam a2200205Ii 4500
003 JO-AjNU
008 230605s9999||||xx |||||||||||||| ||und||
017 _a81-2348
040 _aJO-AjNU
_bara
_erda
_cJO-AjNU
041 _aara
050 1 4 _aTH145.I27 1982
100 3 _aصبحي، ابراهيم,
_eauthor
_948504
245 0 0 _aالموسوعة المعمارية : فن العمارة والبناء
264 3 1 _aالقاهرة:دار الطباعة الحديثة،1982
300 _a298ص
336 _atext
_btxt
_2rdacontent
337 _aunmediated
_bn
_2rdamedia
338 _avolume
_bnc
_2rdacarrier
650 4 _aالعمارة
_948505
999 _aA21246
_c24814
_d24814